000 00461nam a2200181Ia 4500
008 230524s9999 xx 000 0 und d
020 _a9780070530775
082 _a621.395
_bKAN
100 _aSung Mo Kang
245 0 _aCMOS Digital Integrated Circuits Analysis & Design
250 _a3RD
260 _aNEW DELHI
_bTMH
_c2003
300 _aIX;586
500 _aQuantity Number: 134
650 _aElectronics
700 _a Yusuf Leblebici
942 _cBK
999 _c27442
_d27442